[Event "XVII Weekend A"]
[Site "Ceriano Laghetto ITA"]
[Date "2008.03.30"]
[Round "4"]
[White "Gagliardi, Christian"]
[Black "Martinez, Rolly"]
[Result "0-1"]
[WhiteElo "2186"]
[BlackElo "2447"]
[PlyCount "70"]
[EventDate "2008.03.28"]

1. e4 c5 2. Nc3 d6 3. f4 g6 4. Nf3 Bg7 5. Bc4 a6 6. d3 b5 7. Bb3 e6 8. O-O Ne7
9. Qe1 Nbc6 10. a3 Na5 11. Ba2 b4 12. axb4 cxb4 13. Nd1 b3 14. cxb3 Rb8 15. Bd2
Nxb3 16. Bxb3 Rxb3 17. Bc3 O-O 18. Bxg7 Kxg7 19. Ra3 Rxa3 20. bxa3 f6 21. d4
Bd7 22. e5 Bb5 23. Rf2 Nd5 24. exf6+ Rxf6 25. g3 Qc8 26. Ng5 Bd3 27. Qd2 Bf5
28. Re2 Qc6 29. Nf2 h6 30. Nge4 Rf7 31. Qc2 Qb6 32. Qa4 Rc7 33. Kg2 Qb7 34. Kg1
Rc1+ 35. Nd1 Bxe4 0-1

[Event "XVII Weekend A"]
[Site "Ceriano Laghetto ITA"]
[Date "2008.03.30"]
[Round "4"]
[White "Mazzini, Antonio"]
[Black "Virzi, Ettore"]
[Result "1-0"]
[WhiteElo "2106"]
[BlackElo "2002"]
[PlyCount "93"]
[EventDate "2008.03.28"]

1. d4 Nf6 2. c4 g6 3. Nc3 Bg7 4. e4 d6 5. h3 O-O 6. Bd3 c5 7. d5 e6 8. Bg5 a6
9. Nge2 Qe8 10. O-O h6 11. Be3 exd5 12. exd5 Nbd7 13. Ng3 Ne5 14. Be2 h5 15.
Re1 h4 16. Nf1 Nh7 17. f4 Nd7 18. Bd3 Qd8 19. Nh2 f5 20. Nf3 Rf7 21. Bf2 Bf6
22. Re2 Ndf8 23. Qe1 g5 24. fxg5 Nxg5 25. Nxh4 f4 26. Re8 Re7 27. Rxd8 Rxe1+
28. Rxe1 Bxd8 29. Ne4 Nxe4 30. Bxe4 Bf6 31. b3 b5 32. Nf5 bxc4 33. bxc4 Bxf5
34. Bxf5 Rb8 35. Rb1 Rxb1+ 36. Bxb1 Nd7 37. Bd3 Kg7 38. Kf1 Bc3 39. Be1 Bd4 40.
Bd2 Ne5 41. Ke2 Kh6 42. Bxf4+ Kh5 43. Kd2 Kh4 44. Bf1 a5 45. g3+ Kh5 46. Be2+
Kg6 47. g4 1-0

[Event "XVII Weekend A"]
[Site "Ceriano Laghetto ITA"]
[Date "2008.03.30"]
[Round "4"]
[White "Quaranta, Cristiano"]
[Black "Valsecchi, Alessio"]
[Result "1/2-1/2"]
[WhiteElo "2088"]
[BlackElo "2238"]
[PlyCount "80"]
[EventDate "2008.03.28"]

1. d4 Nf6 2. Nf3 b5 3. e3 a6 4. Bd3 Bb7 5. Nbd2 e6 6. O-O Be7 7. e4 d6 8. c3
Nbd7 9. Qe2 c5 10. e5 dxe5 11. dxe5 Nd5 12. Ne4 c4 13. Bc2 h6 14. Ng3 Qc7 15.
Nh5 Bf8 16. Nf4 Nxf4 17. Bxf4 g6 18. Nd4 Bg7 19. Bxg6 fxg6 20. Nxe6 Qc6 21. Qg4
Bxe5 22. Rfe1 Kf7 23. Bxe5 Rhe8 24. Nd4 Qxg2+ 25. Qxg2 Bxg2 26. Kxg2 Nxe5 27.
a4 Nd3 28. Rxe8 Rxe8 29. axb5 axb5 30. Nxb5 Re2 31. Nd6+ Ke6 32. Nxc4 Rxf2+ 33.
Kg3 Kd5 34. Rd1 Kxc4 35. Rxd3 Rxb2 36. Rd6 Kxc3 37. Rxg6 Kd4 38. Rxh6 Ke5 39.
Rg6 Kf5 40. Rg8 Kf6 1/2-1/2

[Event "XVII Weekend A"]
[Site "Ceriano Laghetto ITA"]
[Date "2008.03.30"]
[Round "4"]
[White "Sbarra, Marco"]
[Black "Brugo, Marco"]
[Result "1-0"]
[WhiteElo "2250"]
[BlackElo "2092"]
[PlyCount "137"]
[EventDate "2008.03.28"]

1. d4 Nf6 2. c4 g6 3. Nc3 Bg7 4. e4 d6 5. Nf3 O-O 6. Be2 e5 7. d5 a5 8. Bg5 h6
9. Bh4 Na6 10. Nd2 Qe8 11. O-O Nh7 12. f3 Bd7 13. Rb1 h5 14. Kh1 Bf6 15. Bf2
Qe7 16. Qe1 Nb4 17. a3 Nc2 18. Qd1 Nd4 19. Nb5 Nxe2 20. Qxe2 c6 21. Nc3 Bh4 22.
c5 Bxf2 23. cxd6 Qxd6 24. Qxf2 cxd5 25. exd5 Rac8 26. Nde4 Qa6 27. Nc5 Qd6 28.
N3e4 Qc7 29. d6 Qc6 30. Qg3 f5 31. Qxg6+ Kh8 32. Nxd7 Qxd7 33. Ng5 Nxg5 34.
Qxg5 Qxd6 35. Qxh5+ Kg8 36. Qg5+ Kh8 37. Rfd1 Qe6 38. Rbc1 Rxc1 39. Rxc1 Rc8
40. Rd1 b6 41. Kg1 Rg8 42. Qh4+ Kg7 43. Qa4 Rb8 44. Rd7+ Kg8 45. Qd1 b5 46. Qd5
Re8 47. Kf2 Kf8 48. Qxe6 Rxe6 49. Rb7 b4 50. axb4 axb4 51. Rxb4 Ke7 52. Rb7+
Kf6 53. g3 Rc6 54. Ke3 Rc2 55. Rb6+ Kf7 56. h3 Rh2 57. g4 Rxh3 58. gxf5 Rh4 59.
b4 Rf4 60. f6 Rc4 61. Kd3 Rf4 62. b5 Rb4 63. Rb8 Kxf6 64. b6 Ke7 65. b7 Kd7 66.
Rh8 Rxb7 67. Rh7+ Kc6 68. Rxb7 Kxb7 69. Ke4 1-0

[Event "XVII Weekend A"]
[Site "Ceriano Laghetto ITA"]
[Date "2008.03.30"]
[Round "4"]
[White "Stella, Andrea"]
[Black "Barberi, Alessandro"]
[Result "1/2-1/2"]
[WhiteElo "2117"]
[BlackElo "2181"]
[PlyCount "69"]
[EventDate "2008.03.28"]

1. d4 g6 2. c4 Bg7 3. Nc3 d6 4. e4 e5 5. Nf3 Nd7 6. Be2 h6 7. O-O Ne7 8. Be3 f5
9. dxe5 Nxe5 10. Nxe5 Bxe5 11. f4 Bg7 12. Bf3 fxe4 13. Bxe4 O-O 14. Bd4 Nf5 15.
Bxf5 Bxf5 16. Bxg7 Kxg7 17. Nd5 c6 18. Qd4+ Kg8 19. Nc3 Qf6 20. Rad1 Qxd4+ 21.
Rxd4 Rad8 22. Rfd1 Rf6 23. Ne4 Bxe4 24. Rxe4 Kf7 25. Rde1 Rd7 26. g3 d5 27.
cxd5 cxd5 28. Rd4 Rc6 29. Kf2 Rc2+ 30. Re2 Rxe2+ 31. Kxe2 Ke6 32. Rd2 Rc7 33.
Kd3 Rc1 34. Re2+ Kd6 35. Rc2 1/2-1/2

[Event "XVII Weekend A"]
[Site "Ceriano Laghetto ITA"]
[Date "2008.03.30"]
[Round "5"]
[White "Barberi, Alessandro"]
[Black "Gagliardi, Christian"]
[Result "0-1"]
[WhiteElo "2181"]
[BlackElo "2186"]
[PlyCount "68"]
[EventDate "2008.03.28"]

1. d4 Nf6 2. c4 g6 3. g3 Bg7 4. Bg2 O-O 5. e4 d6 6. Nc3 Nbd7 7. Nge2 e5 8. O-O
exd4 9. Nxd4 Re8 10. h3 a6 11. Be3 Rb8 12. Qc2 c5 13. Nde2 b5 14. Rfd1 b4 15.
Nd5 Nxd5 16. Rxd5 Qf6 17. Rb1 h6 18. b3 Bb7 19. Rd2 Ne5 20. f4 Nc6 21. Rbd1
Rbd8 22. g4 Qe7 23. Bf2 a5 24. Rd3 f5 25. gxf5 gxf5 26. Ng3 fxe4 27. Bxe4 Nd4
28. Rxd4 cxd4 29. Bh7+ Kh8 30. Bg6 Qh4 31. Bxe8 Qxh3 32. Be1 Rxe8 33. Qh2 Qg4
34. Qh5 Rxe1+ 0-1

[Event "XVII Weekend A"]
[Site "Ceriano Laghetto ITA"]
[Date "2008.03.30"]
[Round "5"]
[White "Bozzali, Ermanno"]
[Black "Stella, Andrea"]
[Result "1/2-1/2"]
[WhiteElo "2165"]
[BlackElo "2117"]
[PlyCount "92"]
[EventDate "2008.03.28"]

1. e4 e6 2. d4 d5 3. Nc3 Bb4 4. e5 c5 5. Bd2 Ne7 6. Nb5 Bxd2+ 7. Qxd2 O-O 8. f4
cxd4 9. Nf3 Nbc6 10. Bd3 f6 11. O-O Qb6 12. Qf2 Bd7 13. Nbxd4 fxe5 14. Nxc6
Qxf2+ 15. Rxf2 Nxc6 16. Nxe5 Nxe5 17. fxe5 Rxf2 18. Kxf2 Rc8 19. Ke3 a6 20. a4
h6 21. b3 Kf7 22. Rf1+ Ke7 23. Rf4 a5 24. h4 Rf8 25. Rg4 Rf7 26. Kd4 b6 27. Ke3
Bc6 28. b4 d4+ 29. Kxd4 axb4 30. Ke3 Bxa4 31. Rxb4 Bc6 32. Bg6 Rf1 33. Rxb6
Bxg2 34. Ra6 Rf3+ 35. Kd2 Rf2+ 36. Kc3 Rf4 37. Ra7+ Kf8 38. h5 Be4 39. Kb3 Bxg6
40. hxg6 Rg4 41. c4 Rxg6 42. c5 Rg1 43. Kb4 h5 44. c6 Rc1 45. Kb5 h4 46. c7 Ke8
1/2-1/2

[Event "XVII Weekend A"]
[Site "Ceriano Laghetto ITA"]
[Date "2008.03.30"]
[Round "5"]
[White "Brugo, Marco"]
[Black "Ranfagni, Stefano"]
[Result "1/2-1/2"]
[WhiteElo "2092"]
[BlackElo "2071"]
[PlyCount "108"]
[EventDate "2008.03.28"]

1. c4 e5 2. Nc3 Nc6 3. g3 d6 4. Bg2 Bd7 5. Nf3 f5 6. d3 Nf6 7. e4 Be7 8. O-O
O-O 9. exf5 Bxf5 10. d4 Bg4 11. h3 Bxf3 12. Bxf3 Nxd4 13. Bxb7 Rb8 14. Bg2 c5
15. b3 h6 16. f4 Nd7 17. Nd5 Bf6 18. Qg4 exf4 19. Bxf4 Ne5 20. Nxf6+ Qxf6 21.
Bxe5 Qxe5 22. Rae1 Rxf1+ 23. Rxf1 Ne2+ 24. Kh2 h5 25. Bd5+ Kh8 26. Qh4 Nd4 27.
Kg2 Nc2 28. Kh1 Ne3 29. Re1 Rf8 30. g4 g6 31. gxh5 gxh5 32. Qe4 Qxe4+ 33. Bxe4
Nf5 34. Bxf5 Rxf5 35. Re7 a5 36. Ra7 h4 37. Rxa5 Rf3 38. Kg2 Rg3+ 39. Kh2 Rd3
40. Ra7 Rd2+ 41. Kg1 Kg8 42. Rd7 Rxa2 43. Rxd6 Rb2 44. Rh6 Rxb3 45. Rxh4 Rc3
46. Kf2 Kg7 47. Ke2 Kg6 48. Kd2 Rf3 49. Rh8 Kf7 50. h4 Rh3 51. Rh5 Ke6 52. Rxc5
Rxh4 53. Kc3 Kd6 54. Kb4 Rh1 1/2-1/2

[Event "XVII Weekend A"]
[Site "Ceriano Laghetto ITA"]
[Date "2008.03.30"]
[Round "5"]
[White "Salvador, Roland"]
[Black "Sbarra, Marco"]
[Result "1-0"]
[WhiteElo "2462"]
[BlackElo "2250"]
[PlyCount "71"]
[EventDate "2008.03.28"]

1. d4 d5 2. Nf3 e6 3. c4 Nf6 4. g3 c5 5. cxd5 exd5 6. Bg2 Nc6 7. O-O Be7 8. Be3
O-O 9. dxc5 Ne4 10. Nc3 Nxc3 11. bxc3 Bg4 12. h3 Bh5 13. Nd4 Bf6 14. g4 Bg6 15.
Qb3 Be4 16. Bxe4 dxe4 17. Qxb7 Bxd4 18. cxd4 Rc8 19. Rfd1 Qh4 20. Kg2 h5 21. g5
f5 22. gxf6 Qxf6 23. Qb3+ Kh8 24. Qd5 Qg6+ 25. Qg5 Qh7 26. d5 Rf5 27. Qh4 g5
28. Qg3 Nb4 29. Bd4+ Kg8 30. d6 Nd5 31. Rac1 Nf4+ 32. Kf1 Qd7 33. Be3 Kh7 34.
c6 Rxc6 35. Rxc6 Qxc6 36. d7 1-0

[Event "XVII Weekend A"]
[Site "Ceriano Laghetto ITA"]
[Date "2008.03.30"]
[Round "5"]
[White "Valsecchi, Alessio"]
[Black "Burlando, Alessandro"]
[Result "1-0"]
[WhiteElo "2238"]
[BlackElo "2058"]
[PlyCount "171"]
[EventDate "2008.03.28"]

1. e4 e6 2. Nc3 d5 3. Nf3 Nf6 4. e5 Nfd7 5. d4 Be7 6. Bf4 c5 7. dxc5 Nxc5 8.
Be2 Nc6 9. O-O O-O 10. Re1 f6 11. exf6 Bxf6 12. Bg3 a6 13. Bd3 Kh8 14. Qd2 Qb6
15. Rab1 Bd7 16. Bd6 Rf7 17. b4 Nxd3 18. Qxd3 Nd4 19. Ne5 Bxe5 20. Bxe5 Nc6 21.
Bg3 Qd4 22. Na4 Qxd3 23. cxd3 Nd4 24. Nb6 Re8 25. Rbc1 Bb5 26. Rc3 e5 27. Nxd5
Nc6 28. a3 Rd7 29. Nf4 Red8 30. Ne6 Rxd3 31. Rcc1 Re8 32. Nc5 Rxa3 33. Nxb7
Nxb4 34. Nd6 Rf8 35. Nxb5 axb5 36. Bxe5 Nd3 37. Bd6 Raa8 38. Bxf8 Rxf8 39. Red1
Nxc1 40. Rxc1 Rb8 41. Kf1 Kg8 42. Ke2 Rb7 43. Kd2 Kf7 44. Re1 Kf6 45. Kc3 Rc7+
46. Kb3 Kf5 47. Re8 Rb7 48. Kb4 g5 49. Rc8 h6 50. Rc6 h5 51. Rc5+ Kg6 52. Rxb5
Rf7 53. Rb6+ Kg7 54. f3 g4 55. fxg4 hxg4 56. Kc3 Kf8 57. Rb8+ Kg7 58. Rb4 Rd7
59. Rxg4+ Kh6 60. Rd4 Ra7 61. Rd2 Re7 62. Kd3 Kg6 63. Re2 Ra7 64. Ke3 Rf7 65.
Ra2 Rf6 66. Ra4 Rb6 67. Kf4 Rc6 68. g4 Rf6+ 69. Kg3 Rb6 70. h4 Rf6 71. h5+ Kh6
72. Kh4 Rf1 73. Ra6+ Kh7 74. Ra7+ Kg8 75. h6 Rb1 76. Kh5 Rb5+ 77. g5 Rc5 78.
Rg7+ Kh8 79. Rf7 Ra5 80. Kg6 Ra8 81. Rf5 Ra6+ 82. Kh5 Ra8 83. g6 Rb8 84. Rf8+
Rxf8 85. g7+ Kh7 86. gxf8=B 1-0

[Event "XVII Weekend A"]
[Site "Ceriano Laghetto ITA"]
[Date "2008.03.30"]
[Round "5"]
[White "Virzi, Ettore"]
[Black "Bemporad, Filippo"]
[Result "1/2-1/2"]
[WhiteElo "2002"]
[BlackElo "2053"]
[PlyCount "21"]
[EventDate "2008.03.28"]

1. e4 c5 2. Nf3 d6 3. d4 cxd4 4. Nxd4 Nf6 5. Nc3 e6 6. g4 h6 7. h4 Be7 8. Rg1
g6 9. Be3 a6 10. Bh3 Nc6 11. Qd2 1/2-1/2

[Event "C.to Provinciale CN"]
[Site "Savigliano ITA"]
[Date "2008.04.??"]
[Round "4"]
[White "Biancotti, Alessandro"]
[Black "Rossi, Vittorio"]
[Result "0-1"]
[WhiteElo "1862"]
[BlackElo "2159"]
[PlyCount "48"]
[EventDate "2008.04.10"]

1. e4 e5 2. Nf3 Nc6 3. Bb5 f5 4. Nc3 fxe4 5. Nxe4 Nf6 6. d3 d6 7. h3 Be7 8. O-O
O-O 9. c3 Nxe4 10. dxe4 Qe8 11. Bc4+ Kh8 12. Qe2 Qg6 13. Kh2 Nd8 14. g3 Ne6 15.
h4 Nc5 16. Nd2 Bxh4 17. gxh4 Rf4 18. Nf3 Rxe4 19. Be3 Bg4 20. Rg1 Rf8 21. Rg3
Rxf3 22. Qd2 Rexe3 23. fxe3 Rxg3 24. Kxg3 Ne4+ 0-1

[Event "C.to Provinciale CN"]
[Site "Savigliano ITA"]
[Date "2008.04.??"]
[Round "5"]
[White "Rossi, Vittorio"]
[Black "Ariaudo, Claudio"]
[Result "0-1"]
[WhiteElo "2159"]
[BlackElo "2009"]
[PlyCount "58"]
[EventDate "2008.04.10"]

1. e4 e6 2. d4 d5 3. e5 c5 4. Qg4 cxd4 5. Bd3 Nc6 6. Qg3 Nb4 7. Ne2 Nxd3+ 8.
Qxd3 Ne7 9. Nxd4 Nc6 10. Nxc6 bxc6 11. O-O Qh4 12. Nd2 Be7 13. Nb3 O-O 14. Be3
Qb4 15. c3 Qb8 16. f4 a5 17. Qc2 Ba6 18. Rf3 Qc7 19. Nc5 Bc8 20. g4 f6 21. Nd3
fxe5 22. Nxe5 Bd6 23. Rh3 g6 24. Nxg6 hxg6 25. Bd4 e5 26. Qxg6+ Qg7 27. Qxd6
exd4 28. Rh6 Qxg4+ 29. Kh1 Bf5 0-1

[Event "Weekend Accademia A Primavera"]
[Site "Roma ITA"]
[Date "2008.04.18"]
[Round "1"]
[White "De Carolis, Massimo"]
[Black "Musmarra, Giovanni"]
[Result "1-0"]
[WhiteElo "1980"]
[BlackElo "1744"]
[PlyCount "103"]
[EventDate "2008.04.18"]

1. d4 d5 2. Nf3 Nf6 3. c4 e6 4. Nc3 c6 5. e3 Bd6 6. Bd3 O-O 7. O-O Nbd7 8. e4
dxe4 9. Nxe4 Nxe4 10. Bxe4 e5 11. Qc2 g6 12. c5 Bc7 13. Rd1 f5 14. Qc4+ Kg7 15.
Bc2 e4 16. Ne5 Nxe5 17. dxe5 Bxe5 18. Be3 Qe7 19. Bd4 Bxd4 20. Rxd4 Be6 21. Qc3
Kg8 22. Rad1 Bd5 23. Bb3 Bxb3 24. Qxb3+ Qf7 25. Qa4 Rfe8 26. Rd7 Re7 27. Rd8+
Rxd8 28. Rxd8+ Re8 29. Rxe8+ Qxe8 30. Qxa7 Qd7 31. h3 f4 32. Qb8+ Kg7 33. Qe5+
Kg8 34. Qxe4 Qd1+ 35. Kh2 Qd2 36. Qe8+ Kg7 37. Qe7+ Kg8 38. Qe6+ Kg7 39. Qe5+
Kh6 40. f3 Qe3 41. Qxe3 fxe3 42. Kg1 Kg5 43. g3 Kf5 44. Kf1 Ke5 45. Ke2 Kd4 46.
h4 h6 47. g4 g5 48. h5 Kxc5 49. Kxe3 Kd5 50. f4 gxf4+ 51. Kxf4 Ke6 52. g5 1-0

[Event "Weekend Accademia A Primavera"]
[Site "Roma ITA"]
[Date "2008.04.18"]
[Round "1"]
[White "Di Mauro, Sebastiano"]
[Black "Pecorari, Marcello"]
[Result "1/2-1/2"]
[WhiteElo "1808"]
[BlackElo "2075"]
[PlyCount "88"]
[EventDate "2008.04.18"]

1. e4 Nf6 2. Nc3 d5 3. exd5 Nxd5 4. Bc4 c6 5. Qf3 Be6 6. Nge2 Qd6 7. O-O Nxc3
8. Qxc3 Bxc4 9. Qxc4 e6 10. d4 Be7 11. Bf4 Qd5 12. Qd3 O-O 13. c4 Qa5 14. Rfd1
Na6 15. a3 Rad8 16. Qg3 Qh5 17. Nc3 Kh8 18. d5 cxd5 19. cxd5 exd5 20. b4 Bf6
21. Rd3 Rfe8 22. h3 h6 23. Rc1 g5 24. Nxd5 gxf4 25. Nxf6 fxg3 26. Rxd8 gxf2+
27. Kh1 Rxd8 28. Nxh5 Re8 29. Rf1 Re1 30. Ng3 h5 31. h4 f5 32. Kh2 f4 33. Rxf2
fxg3+ 34. Kxg3 Re3+ 35. Kf4 Rxa3 36. Kg5 Kg7 37. Kxh5 Rg3 38. Rd2 Nxb4 39. Rd7+
Kf6 40. Rxb7 Nc6 41. Rc7 Ne5 42. Rxa7 Rxg2 43. Ra6+ Kf5 44. Kh6 Rg6+ 1/2-1/2

[Event "Weekend Accademia A Primavera"]
[Site "Roma ITA"]
[Date "2008.04.18"]
[Round "1"]
[White "Gasperoni, Claudio"]
[Black "Tosoni, Augusto"]
[Result "0-1"]
[WhiteElo "1845"]
[BlackElo "2265"]
[PlyCount "100"]
[EventDate "2008.04.18"]

1. d4 Nf6 2. Nf3 d5 3. c4 e6 4. Nc3 Be7 5. Bg5 O-O 6. e3 Ne4 7. Bxe7 Qxe7 8.
cxd5 Nxc3 9. bxc3 exd5 10. Qb3 c6 11. c4 Rd8 12. cxd5 cxd5 13. Bd3 Nc6 14. O-O
Bg4 15. Ne5 Nxe5 16. dxe5 Qxe5 17. Qxb7 Rab8 18. Qc6 Rbc8 19. Qa4 Be6 20. Rac1
Rc3 21. Rfd1 Rdc8 22. Rxc3 Qxc3 23. h3 a5 24. Ba6 Qc2 25. Qxc2 Rxc2 26. a4 Kf8
27. Bb5 Ke7 28. Rd4 Kd6 29. g4 g5 30. Kg2 Kc5 31. Kg3 Rc3 32. h4 h6 33. hxg5
hxg5 34. Kf3 Rb3 35. Ke2 Rb2+ 36. Kd1 f6 37. f3 Bf7 38. f4 Be6 39. f5 Bc8 40.
Rd2 Rb1+ 41. Ke2 Bb7 42. Rc2+ Kd6 43. Kd2 Rb4 44. Be2 Rxa4 45. Rb2 Rb4 46. Ra2
a4 47. Kc3 Kc5 48. Ra3 Bc6 49. Kc2 Bb5 50. Rc3+ Bc4 0-1

[Event "Weekend Accademia A Primavera"]
[Site "Roma ITA"]
[Date "2008.04.18"]
[Round "1"]
[White "Gatta, Flavio"]
[Black "Di Lascio, Savino"]
[Result "0-1"]
[WhiteElo "1766"]
[BlackElo "1997"]
[PlyCount "60"]
[EventDate "2008.04.18"]

1. c4 Nf6 2. Nc3 e5 3. Nf3 Nc6 4. e3 Bb4 5. Qc2 O-O 6. Nd5 Re8 7. Qf5 d6 8.
Nxf6+ Qxf6 9. Qxf6 gxf6 10. a3 Ba5 11. b4 Bb6 12. Bb2 a5 13. b5 Nd8 14. d4 Ne6
15. Rd1 a4 16. Be2 Ba5+ 17. Kf1 Ng7 18. h4 h5 19. Nd2 Bf5 20. Nf3 Rad8 21. Ne1
c6 22. Nd3 cxb5 23. cxb5 Rc8 24. f3 Be6 25. Nc1 Rc2 26. Ba1 Nf5 27. Kf2 Bd2 28.
d5 Bd7 29. e4 Be3+ 30. Ke1 Ng3 0-1

[Event "Weekend Accademia A Primavera"]
[Site "Roma ITA"]
[Date "2008.04.18"]
[Round "1"]
[White "Gouma, Ronald"]
[Black "Piankov, Evgenij"]
[Result "0-1"]
[WhiteElo "1920"]
[BlackElo "2341"]
[PlyCount "50"]
[EventDate "2008.04.18"]

1. e4 c6 2. d4 d5 3. exd5 cxd5 4. c4 Nf6 5. cxd5 Nxd5 6. Nf3 Nc6 7. Nc3 e6 8.
Bd3 Be7 9. O-O b6 10. Bb5 Bd7 11. Nxd5 exd5 12. Bd2 a6 13. Bxc6 Bxc6 14. Rc1
Bb5 15. Re1 O-O 16. a4 Bd7 17. Qb3 Bf6 18. Bf4 Re8 19. Rxe8+ Qxe8 20. Re1 Be6
21. Rc1 h6 22. h3 g5 23. Be3 Rb8 24. Ne5 Bxe5 25. dxe5 d4 0-1

[Event "Weekend Accademia A Primavera"]
[Site "Roma ITA"]
[Date "2008.04.18"]
[Round "1"]
[White "Iovino, Antonino"]
[Black "Caprio, Guido"]
[Result "0-1"]
[WhiteElo "1829"]
[BlackElo "2140"]
[PlyCount "102"]
[EventDate "2008.04.18"]

1. e4 c5 2. Nf3 d6 3. d4 cxd4 4. Nxd4 Nf6 5. Nc3 g6 6. Be2 Bg7 7. Be3 Nc6 8.
O-O O-O 9. Nb3 Be6 10. f4 Rc8 11. Bf3 Na5 12. Nxa5 Qxa5 13. Nd5 Nxd5 14. exd5
Bf5 15. c3 Rc4 16. g4 Be4 17. Bxe4 Rxe4 18. Qd3 f5 19. gxf5 gxf5 20. Kh1 Rf6
21. Rg1 Rxe3 22. Qxe3 Qxd5+ 23. Rg2 Rg6 24. Qd2 Qe4 25. Rag1 d5 26. Qe2 Kf7 27.
Qxe4 dxe4 28. Rxg6 hxg6 29. Kg2 Bh6 30. Kg3 e5 31. fxe5 Be3 32. Re1 f4+ 33. Kg4
Ke6 34. Rxe3 fxe3 35. Kg3 Kxe5 36. b3 b5 37. a3 a5 38. Kg2 Kd5 39. Kf1 a4 40.
bxa4 bxa4 41. Ke2 Kc4 42. Kxe3 Kxc3 43. Kxe4 Kb2 44. Kd4 g5 45. h3 Kxa3 46. Kc3
Ka2 47. Kc2 a3 48. Kc1 Kb3 49. Kb1 a2+ 50. Ka1 Ka3 51. h4 g4 0-1

[Event "Weekend Accademia A Primavera"]
[Site "Roma ITA"]
[Date "2008.04.18"]
[Round "1"]
[White "Marzio, Mario"]
[Black "Piscitelli, Vito"]
[Result "0-1"]
[WhiteElo "1480"]
[BlackElo "1967"]
[PlyCount "109"]
[EventDate "2008.04.18"]

1. e4 c5 2. Nf3 d6 3. d4 cxd4 4. Nxd4 Nf6 5. Nc3 g6 6. h3 Bg7 7. Be3 Nc6 8. Qd2
Bd7 9. Nb3 h5 10. Be2 Rc8 11. O-O Be6 12. Nd4 Nxd4 13. Bxd4 Qa5 14. Bb5+ Kf8
15. Bd3 h4 16. f4 Bc4 17. e5 Nd7 18. b3 Bxd3 19. Qxd3 Nc5 20. Qe3 Ne6 21. Rf3
Nxd4 22. Qxd4 dxe5 23. Qd7 Qc7 24. Rd1 Kg8 25. Qxc7 Rxc7 26. Rd8+ Kh7 27. Rxh8+
Kxh8 28. fxe5 Bxe5 29. Nd5 Rd7 30. Rd3 e6 31. Ne3 Rxd3 32. cxd3 Bd4 33. Kf2 Kg7
34. Kf3 Bxe3 35. Kxe3 Kf6 36. Ke4 Ke7 37. Kf4 f6 38. Kg4 g5 39. Kh5 e5 40. Kg4
Ke6 41. a3 a6 42. b4 b5 43. Kf3 f5 44. Ke3 Kd5 45. Kf3 Kd4 46. Ke2 e4 47. dxe4
fxe4 48. Kd2 e3+ 49. Ke2 Ke4 50. Ke1 Kd3 51. Kd1 e2+ 52. Ke1 Ke3 53. a4 bxa4
54. b5 a3 55. b6 0-1

[Event "Weekend Accademia A Primavera"]
[Site "Roma ITA"]
[Date "2008.04.18"]
[Round "1"]
[White "Parrini, Daniele"]
[Black "Maddaloni, Giovanni"]
[Result "1-0"]
[WhiteElo "2054"]
[BlackElo "1809"]
[PlyCount "55"]
[EventDate "2008.04.18"]

1. e4 c5 2. Nf3 Nc6 3. d4 cxd4 4. Nxd4 e5 5. Nf5 a6 6. Nd6+ Bxd6 7. Qxd6 Qf6 8.
Qd1 Nge7 9. Nc3 Qg6 10. h4 h5 11. Be3 d6 12. Qd2 O-O 13. O-O-O Be6 14. Bb6 Rac8
15. Qxd6 Rfe8 16. f3 Qg3 17. Qd2 Nd4 18. Bxd4 exd4 19. Qxd4 Red8 20. Qe3 Rxd1+
21. Kxd1 Qe5 22. Qg5 Qd4+ 23. Bd3 Nc6 24. Kc1 Bxa2 25. Nxa2 Qxd3 26. Qd2 Qc4
27. Nc3 b5 28. Qd5 1-0

[Event "Weekend Accademia A Primavera"]
[Site "Roma ITA"]
[Date "2008.04.18"]
[Round "1"]
[White "Proietti, Giorgio"]
[Black "Bolog, Iacint"]
[Result "1/2-1/2"]
[WhiteElo "1944"]
[BlackElo "1697"]
[PlyCount "124"]
[EventDate "2008.04.18"]

1. d4 d5 2. c4 c6 3. Nc3 dxc4 4. e3 Nf6 5. Bxc4 e6 6. Nf3 h6 7. a3 Be7 8. O-O
b5 9. Bd3 O-O 10. e4 a5 11. Be3 Bb7 12. Qe2 Nbd7 13. e5 Nd5 14. Nxd5 exd5 15.
a4 b4 16. b3 c5 17. dxc5 Nxc5 18. Bxc5 Bxc5 19. Rac1 Qe7 20. e6 fxe6 21. Rxc5
Qxc5 22. Qxe6+ Rf7 23. Bg6 Qe7 24. Bxf7+ Qxf7 25. Qxf7+ Kxf7 26. Rc1 Rc8 27.
Rxc8 Bxc8 28. Kf1 Bf5 29. Nd4 Bd7 30. Ke2 Kf6 31. Ke3 g5 32. f3 Ke5 33. g3 Be8
34. f4+ Kd6 35. Nf5+ Kc5 36. Nxh6 d4+ 37. Kd3 gxf4 38. gxf4 Kd5 39. f5 Ke5 40.
h3 Bc6 41. Ng4+ Kxf5 42. Kxd4 Bd7 43. Ne5 Be6 44. Nc4 Kf4 45. Kd3 Bxh3 46. Nxa5
Bf1+ 47. Kd4 Be2 48. Kc5 Ke5 49. Nc4+ Ke6 50. Kxb4 Kd5 51. a5 Kc6 52. a6 Bd1
53. Kc3 Kb5 54. a7 Bf3 55. Kd4 Ka6 56. Kc5 Kxa7 57. b4 Kb8 58. b5 Kc7 59. b6+
Kb8 60. Na5 Ba8 61. Kd6 Kc8 62. Kc5 Kb8 1/2-1/2

[Event "Weekend Accademia A Primavera"]
[Site "Roma ITA"]
[Date "2008.04.18"]
[Round "1"]
[White "Protaziuk, Grzegorz"]
[Black "Spano' Cuomo, Gaetano"]
[Result "1-0"]
[WhiteElo "2335"]
[BlackElo "1895"]
[PlyCount "49"]
[EventDate "2008.04.18"]

1. d4 d5 2. Nf3 e6 3. e3 Nf6 4. Bd3 c5 5. c3 Nc6 6. O-O Be7 7. Nbd2 O-O 8. Ne5
Nxe5 9. dxe5 Nd7 10. f4 f5 11. exf6 Bxf6 12. Qh5 g6 13. Bxg6 Qe7 14. Bc2 Kh8
15. e4 b5 16. e5 Qg7 17. exf6 Nxf6 18. Qe2 Bb7 19. Nf3 Rg8 20. g3 Nh5 21. Ng5
Nxg3 22. hxg3 d4 23. cxd4 Qxd4+ 24. Be3 Qg7 25. Qh5 1-0

[Event "Weekend Accademia A Primavera"]
[Site "Roma ITA"]
[Date "2008.04.18"]
[Round "1"]
[White "Quimi, Marco"]
[Black "Foschini, Andrea"]
[Result "1-0"]
[WhiteElo "2253"]
[BlackElo "1844"]
[PlyCount "79"]
[EventDate "2008.04.18"]

1. d4 Nf6 2. Nf3 g6 3. Bf4 Bg7 4. Nbd2 O-O 5. h3 d6 6. e3 c5 7. c3 Nc6 8. Be2
Re8 9. O-O cxd4 10. exd4 e5 11. dxe5 dxe5 12. Be3 e4 13. Nd4 Nd5 14. Nxc6 Nxe3
15. Nxd8 Nxd1 16. Raxd1 Rxd8 17. Nxe4 Be6 18. Nc5 Bxa2 19. Nxb7 Re8 20. Bf3
Rab8 21. Rfe1 Rxe1+ 22. Rxe1 a6 23. Rd1 Bf6 24. Rd6 Kg7 25. Rxa6 Bc4 26. Ra1
Be6 27. Ra7 Bf5 28. Nc5 Rxb2 29. g3 Bxc3 30. Bd5 Bxh3 31. Rxf7+ Kh6 32. Na4 Rc2
33. Rc7 Rc1+ 34. Kh2 Bd2 35. Rxc1 Bxc1 36. Kxh3 Kg5 37. Nc5 h5 38. Nd3 Bd2 39.
Be4 Kf6 40. Nf4 1-0

[Event "Weekend Accademia A Primavera"]
[Site "Roma ITA"]
[Date "2008.04.18"]
[Round "1"]
[White "Scipioni, Gaetano"]
[Black "Tosi, Francesco"]
[Result "1-0"]
[WhiteElo "2124"]
[BlackElo "1826"]
[PlyCount "49"]
[EventDate "2008.04.18"]

1. d4 d5 2. Nf3 Nf6 3. Bf4 c6 4. e3 g6 5. c4 Bg7 6. Nc3 O-O 7. Be2 dxc4 8. Bxc4
Nbd7 9. O-O Nb6 10. Be2 Bf5 11. h3 Ne4 12. Nxe4 Bxe4 13. Rc1 Rc8 14. Qb3 Re8
15. Rfd1 Qd5 16. Qa3 a6 17. Ng5 f5 18. Qb4 Qd8 19. Ne6 Nd5 20. Qxb7 Qa5 21.
Qxa6 Qxa6 22. Bxa6 Ra8 23. Bc4 Reb8 24. Bxd5 Bxd5 25. Nc7 1-0

[Event "Weekend Accademia A Primavera"]
[Site "Roma ITA"]
[Date "2008.04.18"]
[Round "1"]
[White "Sibilio, Mario"]
[Black "Prudenzano, Ruggero"]
[Result "1/2-1/2"]
[WhiteElo "2362"]
[BlackElo "1926"]
[PlyCount "34"]
[EventDate "2008.04.18"]

1. d4 Nf6 2. c4 c5 3. d5 b5 4. Nf3 bxc4 5. Nc3 d6 6. h3 g6 7. e4 Bg7 8. e5 dxe5
9. Nxe5 O-O 10. Bxc4 Qd6 11. f4 Nbd7 12. O-O Nxe5 13. Nb5 Nxc4 14. Nxd6 Nxd6
15. Be3 Nfe4 16. Rc1 Bxb2 17. Kh2 Bxc1 1/2-1/2

[Event "Weekend Accademia A Primavera"]
[Site "Roma ITA"]
[Date "2008.04.18"]
[Round "2"]
[White "Bolog, Iacint"]
[Black "Sibilio, Mario"]
[Result "0-1"]
[WhiteElo "1697"]
[BlackElo "2362"]
[PlyCount "78"]
[EventDate "2008.04.18"]

1. e4 c5 2. Nf3 Nc6 3. d4 cxd4 4. Nxd4 Qb6 5. Nxc6 dxc6 6. Bd3 Nf6 7. h3 g6 8.
O-O Bg7 9. Nd2 O-O 10. Nb3 e5 11. Be3 Qc7 12. a4 Nh5 13. c3 Nf4 14. Kh2 Rd8 15.
Bxf4 exf4 16. f3 c5 17. Qe2 Rxd3 18. Qxd3 c4 19. Qc2 cxb3 20. Qxb3 Be6 21. Qc2
h5 22. Rfc1 a5 23. Rab1 Be5 24. b4 axb4 25. Rxb4 Bd6 26. Rd4 Bc5 27. Rdd1 g5
28. c4 b6 29. Qc3 g4 30. Qf6 Be7 31. Qh6 Qe5 32. Rd5 Bxd5 33. cxd5 Bc5 34. hxg4
hxg4 35. Qh4 gxf3 36. Qg4+ Kf8 37. Qxf3 Rxa4 38. Rf1 Ra3 39. Qg4 Qh8+ 0-1